Normal view
MARC view
- Lagliva, Albert M.,
Entry Personal Name
001 - CONTROL NUMBER
- control field: 4660
003 - CONTROL NUMBER IDENTIFIER
- control field: URS
005 - DATE AND TIME OF LATEST TRANSACTION
- control field: 20230518153124.0
008 - FIXED-LENGTH DATA ELEMENTS
- fixed length control field: 230518|| aca||aabn | a|a d
040 ## - CATALOGING SOURCE
- Original cataloging agency: URS
100 ## - HEADING--PERSONAL NAME
- Personal name: Lagliva, Albert M.,
- Relator term: author.